00285nam a2200121Ia 4500008004100000100001800041245004200059260001800101300000700119650001300126942000700139999001700146190216s9999||||xx |||||||||||||| ||und|| aPadmanabhan T 0aKatha Theerumbol Vanambadi Parakkunnu bMalbery Books a98 aKathakal cBK c27698d27698